[Event "Blackpool Open"]
[Site "Blackpool"]
[Date "2025.02.07"]
[Round "1.1"]
[White "Leah, Tom"]
[Black "Mahadevan, Siva"]
[Result "0-1"]
[WhiteElo "2032"]
[BlackElo "2365"]
[PlyCount "48"]
[EventDate "2025.02.07"]
[EventRounds "5"]
[EventCountry "ENG"]
[SourceTitle "BritBase"]
[Source "John Saunders"]
[SourceDate "2025.02.25"]
[SourceVersion "1"]
[SourceVersionDate "2025.02.25"]
[SourceQuality "1"]

1. e4 {1} c5 {312} 2. Nf3 {17} d6 {11} 3. d4 {8} Nf6 {8} 4. Nc3 {18} cxd4 {14} 5. Nxd4 {8} Nc6 {17} 6. Bg5 {11} e6 {12} 7. Qd2 {13} a6 {13} 8. O-O-O {178} h6 {9} 9. Nxc6 {275} bxc6 {18} 10. Bf4 {26} d5 {8} 11. Qe3 {163} Bb4 {15} 12. a3 {723} Ba5 {18} 13. Be2 {92} O-O {46} 14. e5 {390} Nd7 {36} 15. h4 {440} f6 {515} 16. Bf3 {1591} Bb6 {299} 17. Qe2 {117} fxe5 {37} 18. Bxe5 {15} Nxe5 {9} 19. Qxe5 {8} Bxf2 {25} 20. h5 {908} Qb6 {362} 21. Bg4 {335} Rb8 {110} 22. Na4 {126} Qe3+ {7} 23. Qxe3 {9} Bxe3+ {4} 24. Kb1 {10} Rf4 {5} 0-1

[Event "Blackpool Open"]
[Site "Blackpool"]
[Date "2025.02.07"]
[Round "1.2"]
[White "McKay, Jonathan"]
[Black "Arkell, Keith C"]
[Result "0-1"]
[WhiteElo "1981"]
[BlackElo "2329"]
[PlyCount "68"]
[EventDate "2025.02.07"]
[EventRounds "5"]
[EventCountry "ENG"]
[SourceTitle "BritBase"]
[Source "John Saunders"]
[SourceDate "2025.02.25"]
[SourceVersion "1"]
[SourceVersionDate "2025.02.25"]
[SourceQuality "1"]

1. e4 {1} c6 {239} 2. d4 {7} d5 {5} 3. f3 {5} e6 {58} 4. Nc3 {6} Bb4 {38} 5. a3 {4} Ba5 {3} 6. Bd3 {74} dxe4 {103} 7. fxe4 {7} Qxd4 {33} 8. Nf3 {12} Qd8 {7} 9. e5 {74} Nd7 {393} 10. O-O {380} h6 {323} 11. Ne4 {372} Bc7 {14} 12. Kh1 {266} Ne7 {360} 13. Bd2 {492} Ng6 {778} 14. Nd6+ {419} Bxd6 {20} 15. exd6 {76} O-O {38} 16. Qe1 {623} Kh7 {625} 17. Qg3 {193} f5 {105} 18. Bg5 {830} Nf6 {84} 19. Rae1 {711} e5 {1313} 20. Nxe5 {700} Nxe5 {15} 21. Rxe5 {16} hxg5 {547} 22. Qh3+ {349} Kg8 {144} 23. Bc4+ {186} Rf7 {721} 24. Qb3 {139} Nd5 {126} 25. Rxd5 {276} cxd5 {4} 26. Bxd5 {9} Qe8 {32} 27. Rd1 {205} Bd7 {45} 28. Qxb7 {23} Rc8 {266} 29. c4 {72} Rb8 {72} 30. Bxf7+ {94} Kxf7 {2} 31. Qxa7 {40} Rxb2 {16} 32. Qd4 {36} Qe2 {34} 33. Rg1 {124} Bc6 {31} 34. Qa7+ {31} Kg6 {11} 0-1

[Event "Blackpool Open"]
[Site "Blackpool"]
[Date "2025.02.07"]
[Round "1.3"]
[White "Sarakauskas, Gediminas"]
[Black "Maack, Kjartan"]
[Result "1-0"]
[WhiteElo "2323"]
[BlackElo "2043"]
[PlyCount "107"]
[EventDate "2025.02.07"]
[EventRounds "5"]
[EventCountry "ENG"]
[SourceTitle "BritBase"]
[Source "John Saunders"]
[SourceDate "2025.02.25"]
[SourceVersion "1"]
[SourceVersionDate "2025.02.25"]
[SourceQuality "1"]

1. Nf3 d5 {21} 2. c4 {73} e6 {291} 3. g3 {19} Nf6 {53} 4. Bg2 {3} Be7 {31} 5. O-O {4} O-O {70} 6. d4 {4} c6 {163} 7. Nbd2 {196} Nbd7 {39} 8. Qc2 {39} b6 {223} 9. e4 {96} dxe4 {44} 10. Nxe4 {2} Nxe4 {113} 11. Qxe4 {3} Ba6 {603} 12. b3 {710} Rc8 {2073} 13. Rd1 {968} Nf6 {258} 14. Qc2 {205} Qc7 {523} 15. Bf4 {523} Bd6 {22} 16. Bxd6 {85} Qxd6 {7} 17. c5 {8} Qc7 {162} 18. Ne5 {112} Nd5 {72} 19. Nc4 {692} Bxc4 {143} 20. bxc4 {26} Ne7 {67} 21. cxb6 {209} Qxb6 {413} 22. Be4 {246} h6 {166} 23. Qa4 {103} Rfd8 {114} 24. Rab1 {5} Qc7 {7} 25. Qa3 {275} Rb8 {50} 26. Qc5 {317} Qd7 {38} 27. Rb3 {63} Rb7 {435} 28. Rxb7 {416} Qxb7 {1} 29. Rd3 {27} Qd7 {60} 30. Ra3 {54} Nc8 {86} 31. Bxc6 {382} Qxd4 {14} 32. Qxd4 {5} Rxd4 {4} 33. c5 {5} Rc4 {101} 34. Ra5 {2} g6 {295} 35. Bd7 {173} Ne7 {2} 36. Rxa7 {22} Rxc5 {77} 37. Bxe6 {5} fxe6 {88} 38. Rxe7 {4} Rc6 {5} 39. Ra7 {12} Rc1+ {52} 40. Kg2 {2} Rc3 {2} 41. h4 {31} Rd3 {11} 42. a4 {387} Rc3 {11} 43. a5 {7} Ra3 {4} 44. f4 {30} Ra2+ {11} 45. Kf3 {39} Ra4 {9} 46. a6 {9} Kh8 {7} 47. Ke3 {12} Kg8 {17} 48. Kd3 {5} Kf8 {18} 49. Kc3 {4} Ra3+ {13} 50. Kb4 {7} Rxg3 {12} 51. Ra8+ {165} Kf7 {1} 52. a7 {6} Rg1 {19} 53. Rf8+ {11} Kxf8 {6} 54. a8=Q+ {7} 1-0

[Event "Blackpool Open"]
[Site "Blackpool"]
[Date "2025.02.07"]
[Round "1.4"]
[White "Blackford, Ross"]
[Black "Merriman, John"]
[Result "1/2-1/2"]
[WhiteElo "2040"]
[BlackElo "2216"]
[PlyCount "59"]
[EventDate "2025.02.07"]
[EventRounds "5"]
[EventCountry "ENG"]
[SourceTitle "BritBase"]
[Source "John Saunders"]
[SourceDate "2025.02.25"]
[SourceVersion "1"]
[SourceVersionDate "2025.02.25"]
[SourceQuality "1"]

1. e4 {4} e6 {4} 2. d4 {22} d5 {6} 3. Nd2 {12} Be7 {46} 4. Ngf3 {60} Nf6 {31} 5. e5 {29} Nfd7 {7} 6. Bd3 {34} c5 {6} 7. c3 {4} Nc6 {32} 8. O-O {68} a5 {56} 9. Re1 {128} cxd4 {293} 10. cxd4 {4} Qb6 {20} 11. Nb1 {27} Nxd4 {167} 12. Nxd4 {15} Qxd4 {6} 13. Nc3 {13} Bc5 {233} 14. Nb5 {71} Qxf2+ {80} 15. Kh1 {3} O-O {407} 16. Bg5 {35} Bb4 {1110} 17. Rf1 {980} Qxb2 {906} 18. Nc7 {589} Ra6 {1836} 19. Nxa6 {1938} bxa6 {5} 20. Rb1 {69} Qxe5 {343} 21. Bf4 {37} Qc3 {130} 22. Rf3 {536} Qc5 {606} 23. Rc1 {541} Qe7 {202} 24. Bxh7+ {185} Kxh7 {4} 25. Rh3+ {5} Kg8 {3} 26. Qh5 {16} f5 {38} 27. Qh7+ {899} Kf7 {4} 28. Qh5+ {174} Kg8 {6} 29. Qh7+ {10} Kf7 {5} 30. Qh5+ {367} 1/2-1/2

[Event "Blackpool Open"]
[Site "Blackpool"]
[Date "2025.02.07"]
[Round "1.5"]
[White "Hebden, Mark L"]
[Black "Ter-Gevorkian, Giannis"]
[Result "1-0"]
[WhiteElo "2363"]
[BlackElo "1890"]
[PlyCount "111"]
[EventDate "2025.02.07"]
[EventRounds "5"]
[EventCountry "ENG"]
[SourceTitle "BritBase"]
[Source "John Saunders"]
[SourceDate "2025.02.25"]
[SourceVersion "1"]
[SourceVersionDate "2025.02.25"]
[SourceQuality "1"]

1. d4 {7} d6 {34} 2. e4 {44} Nf6 {14} 3. Nc3 {7} g6 {16} 4. Nf3 {6} Bg7 {13} 5. Be3 {6} c6 {26} 6. h3 {5} b5 {43} 7. Bd3 {58} O-O {18} 8. Qd2 {105} Nbd7 {94} 9. a4 {97} b4 {28} 10. Ne2 {8} a5 {32} 11. Ng3 {144} e5 {30} 12. dxe5 {48} dxe5 {42} 13. O-O {85} Qe7 {66} 14. c3 {65} Nc5 {94} 15. Bxc5 {43} Qxc5 {7} 16. cxb4 {5} Qxb4 {10} 17. Qxb4 {8} axb4 {6} 18. Rfc1 {21} Rd8 {80} 19. Bc4 {96} Re8 {278} 20. Rc2 {137} Ba6 {84} 21. b3 {148} Kf8 {910} 22. Bxa6 {24} Rxa6 {18} 23. Rc4 {39} Nd5 {144} 24. Re1 {386} Nf4 {34} 25. Rd1 {168} Rb8 {178} 26. Kf1 {406} Ke7 {64} 27. Ne2 {10} Ne6 {77} 28. Nc1 {13} c5 {483} 29. Rd5 {14} Rd6 {215} 30. Nd3 {184} Rbd8 {479} 31. Nxc5 {233} Rxd5 {148} 32. exd5 {9} Nf4 {275} 33. Rxb4 {107} Rxd5 {75} 34. g3 {13} Rxc5 {300} 35. gxf4 {18} Rc1+ {107} 36. Kg2 {20} exf4 {65} 37. Rxf4 {126} Ra1 {112} 38. Rb4 {108} Kd6 {31} 39. Rb7 {20} Ra3 {267} 40. Rxf7 {55} Bc3 {28} 41. Rb7 {108} Kd5 {60} 42. Rb5+ {79} Kc6 {20} 43. Kg3 {108} Ra2 {30} 44. Ne5+ {22} Kd6 {34} 45. Nc4+ {516} Kc6 {19} 46. Rb8 {70} Bd4 {125} 47. Rf8 {34} g5 {351} 48. Rf5 {202} Rc2 {123} 49. Ne5+ {204} Kd6 {92} 50. Nf7+ {72} Ke6 {25} 51. Rf3 {91} Bf6 {33} 52. Nh6 {7} Bg7 {219} 53. Nf5 {31} Be5+ {11} 54. Kg4 {12} Bf6 {103} 55. Ng3 {281} Ra2 {74} 56. Ne4 {26} 1-0

[Event "Blackpool Open"]
[Site "Blackpool"]
[Date "2025.02.07"]
[Round "1.6"]
[White "Boswell, Jacob Connor"]
[Black "Bakhtiyorova, Nodirabegim"]
[Result "0-1"]
[WhiteElo "2214"]
[BlackElo "1725"]
[PlyCount "170"]
[EventDate "2025.02.07"]
[EventRounds "5"]
[EventCountry "ENG"]
[SourceTitle "BritBase"]
[Source "John Saunders"]
[SourceDate "2025.02.25"]
[SourceVersion "1"]
[SourceVersionDate "2025.02.25"]
[SourceQuality "1"]

1. e4 {42} e5 {3} 2. Nf3 {13} Nf6 {1} 3. Nxe5 {25} Nxe4 {14} 4. Qe2 {44} Qe7 {13} 5. Qxe4 {272} d6 {13} 6. d4 {97} dxe5 {8} 7. dxe5 {68} Nc6 {37} 8. Bf4 {839} g5 {322} 9. Bd2 {441} Nxe5 {2079} 10. Nc3 {237} f5 {1023} 11. Qe2 {123} Nf7 {254} 12. O-O-O {151} Qxe2 {28} 13. Bxe2 c6 {107} 14. Bh5 {670} Be7 {216} 15. Rhe1 {1056} Kf8 {124} 16. Re2 {213} Bf6 {173} 17. Be3 {602} Kg7 {539} 18. Bd4 Rd8 {592} 19. Re7 {162} Bxd4 {210} 20. Rxf7+ {1} Kg8 {107} 21. Re7 {258} Rd6 {254} 22. Re8+ {195} Kg7 {26} 23. Na4 {108} Kf6 {427} 24. c3 {117} Be5 {49} 25. Re1 {6} Re6 {64} 26. Rg8 {42} Bf4+ {51} 27. Kd1 Rxe1+ {24} 28. Kxe1 {3} b6 {18} 29. Rf8+ {31} Kg7 {7} 30. Re8 {1} Bd6 {16} 31. b3 {70} Bb7 {12} 32. Re6 {5} Rd8 {19} 33. h3 {35} Bc8 {44} 34. Re2 {3} Kf6 {13} 35. Nb2 {2} Be5 {8} 36. Rc2 {20} Be6 {36} 37. Be2 {5} c5 {15} 38. Nd3 {26} Bd5 {9} 39. Nxe5 {8} Kxe5 {2} 40. Rd2 {1} Rd6 {12} 41. g3 {17} Bg2 {19} 42. f4+ {15} gxf4 {8} 43. gxf4+ Ke6 {3} 44. Bc4+ {6} Bd5 45. Re2+ {19} Kf7 {10} 46. Bd3 {6} Be6 {22} 47. Bc2 {6} Kf6 {11} 48. Kf2 {10} Rd7 {6} 49. a3 {14} Rd8 {23} 50. Ke3 {17} Rg8 {10} 51. Kf2 {15} Bd5 {8} 52. Kf1 {11} Be6 {26} 53. Kf2 {8} Bd5 {1} 54. Kf1 {3} Be6 {9} 55. Re3 {11} Rd8 {11} 56. Ke1 {6} Rg8 {3} 57. Kf2 {5} Rd8 {12} 58. Re2 {4} Rd7 {13} 59. b4 {17} Bc4 {15} 60. bxc5 {24} Bxe2 {1} 61. Kxe2 {3} bxc5 {1} 62. Bd3 {4} Rg7 {2} 63. Kf2 {3} Rb7 {2} 64. Bc4 {10} Rb2+ {2} 65. Ke3 {4} Rh2 {5} 66. Bf1 {1} Ra2 {3} 67. Kd3 {4} Rxa3 {9} 68. Kc4 Ra5 {2} 69. Bg2 {2} Kg6 {27} 70. Bc6 {6} Kf6 {25} 71. Bd7 {9} h5 {36} 72. h4 {12} Ra1 {20} 73. Be8 {34} Rf1 {8} 74. Bxh5 {2} Rxf4+ {1} 75. Kxc5 {4} Rxh4 {1} 76. Be2 {33} Ra4 {16} 77. c4 {25} Ra2 {3} 78. Bf3 {10} Ke5 {8} 79. Kb5 {11} Rb2+ {10} 80. Ka6 {15} Rc2 {10} 81. Kb5 {4} Kd4 {7} 82. Bd5 {13} f4 83. Kb4 {13} a5+ {6} 84. Kb5 {8} a4 {4} 85. Kxa4 {1} Rxc4+ 0-1

[Event "Blackpool Open"]
[Site "Blackpool"]
[Date "2025.02.07"]
[Round "1.7"]
[White "Hopkins, Kit W"]
[Black "Okhai, Shabir"]
[Result "0-1"]
[WhiteElo "1979"]
[BlackElo "2137"]
[PlyCount "54"]
[EventDate "2025.02.07"]
[EventRounds "5"]
[EventCountry "ENG"]
[SourceTitle "BritBase"]
[Source "John Saunders"]
[SourceDate "2025.02.25"]
[SourceVersion "1"]
[SourceVersionDate "2025.02.25"]
[SourceQuality "1"]

1. Nf3 {3} Nf6 {7} 2. g3 {6} b6 {6} 3. Bg2 {7} Bb7 {3} 4. O-O {13} e6 {7} 5. c4 {17} Be7 {26} 6. b3 {170} O-O {19} 7. Nc3 {116} d5 {46} 8. e3 {246} dxc4 {127} 9. bxc4 {25} c5 {28} 10. Bb2 {440} Nc6 {33} 11. Qe2 {353} Qc7 {42} 12. Rfd1 {356} a6 {26} 13. Rac1 {517} Rfd8 {26} 14. d4 {762} Na5 {545} 15. Ne5 {628} Bxg2 {318} 16. Kxg2 {16} Rac8 {275} 17. Na4 {573} Nd7 {377} 18. Qf3 {960} Nxe5 {165} 19. dxe5 {7} Rxd1 {298} 20. Qxd1 {15} b5 {93} 21. cxb5 {114} axb5 {5} 22. Nc3 {121} Nc4 {645} 23. Ba1 {365} Nxe5 {621} 24. Nxb5 {168} Qb7+ {261} 25. f3 {153} Rd8 {86} 26. Qe2 {251} Nxf3 {54} 27. Kf1 {129} Rd2 {109} 0-1

[Event "Blackpool Open"]
[Site "Blackpool"]
[Date "2025.02.07"]
[Round "1.8"]
[White "Dong, Bao Nghia"]
[Black "Brown, Tom"]
[Result "0-1"]
[WhiteElo "2221"]
[BlackElo "1932"]
[PlyCount "36"]
[EventDate "2025.02.07"]
[EventRounds "5"]
[EventCountry "ENG"]
[SourceTitle "BritBase"]
[Source "John Saunders"]
[SourceDate "2025.02.25"]
[SourceVersion "1"]
[SourceVersionDate "2025.02.25"]
[SourceQuality "1"]

1. d4 {1330} d5 {13} 2. c4 {5} dxc4 {15} 3. Nc3 {7} Nf6 {94} 4. e4 {15} e5 {53} 5. d5 {37} b5 {60} 6. Nxb5 {57} Nxe4 {187} 7. Qa4 {23} c6 {895} 8. dxc6 {73} Nxc6 {187} 9. Qxc4 {303} Bb4+ {565} 10. Nc3 {165} Nd4 {1312} 11. Bd3 {725} Nc5 {217} 12. Bb1 {63} Rb8 {309} 13. a3 {1167} Be6 {405} 14. axb4 {67} Bxc4 {32} 15. bxc5 {3} Nb3 {106} 16. Ra4 {6} Nxc1 {156} 17. Rxc4 {4} Rxb2 {70} 18. Nh3 {11} Qd2+ {73} 0-1

[Event "Blackpool Open"]
[Site "Blackpool"]
[Date "2025.02.07"]
[Round "1.9"]
[White "Doran, Chris"]
[Black "Williamson, Roger G"]
[Result "0-1"]
[WhiteElo "1956"]
[BlackElo "2186"]
[PlyCount "26"]
[EventDate "2025.02.07"]
[EventRounds "5"]
[EventCountry "ENG"]
[SourceTitle "BritBase"]
[Source "John Saunders"]
[SourceDate "2025.02.25"]
[SourceVersion "1"]
[SourceVersionDate "2025.02.25"]
[SourceQuality "1"]

1. e4 {2} e6 {6} 2. d4 {6} d5 {9} 3. Nd2 {8} a6 {6} 4. Bd3 {159} c5 {35} 5. Ngf3 {163} Nc6 {72} 6. dxc5 {302} Bxc5 {38} 7. O-O {24} Nf6 {23} 8. exd5 {150} exd5 {73} 9. Re1+ {648} Be6 {464} 10. Nb3 {72} Bb6 {69} 11. Bg5 {1066} h6 {1115} 12. Bh4 {148} g5 {55} 13. Bg3 {55} O-O {52} 0-1

[Event "Blackpool Open"]
[Site "Blackpool"]
[Date "2025.02.07"]
[Round "1.10"]
[White "Baid, Arav"]
[Black "Melia, Alfie"]
[Result "1/2-1/2"]
[WhiteElo "1817"]
[BlackElo "1991"]
[PlyCount "125"]
[EventDate "2025.02.07"]
[EventRounds "5"]
[EventCountry "ENG"]
[SourceTitle "BritBase"]
[Source "John Saunders"]
[SourceDate "2025.02.25"]
[SourceVersion "1"]
[SourceVersionDate "2025.02.25"]
[SourceQuality "1"]

1. e4 c6 2. d4 d5 3. e5 c5 4. c3 Nc6 5. a3 cxd4 6. cxd4 Qb6 7. Nf3 Bg4 8. Nbd2 Nh6 9. h3 Bxf3 10. Nxf3 Nf5 11. Be3 Nxe3 12. fxe3 Qxb2 13. Rb1 Qc3+ 14. Kf2 Rb8 15. Bb5 Rc8 16. e6 fxe6 17. Rb3 Qa5 18. Ne5 g6 19. Bxc6+ bxc6 20. Qf3 Bh6 21. Qf7+ Kd8 22. Qxe6 Rf8+ 23. Kg3 Qc7 24. Rhb1 Qd6 25. Qxd6+ exd6 26. Ng4 Bg5 27. h4 Be7 28. a4 h5 29. Nh2 c5 30. dxc5 dxc5 31. Rd3 Bd6+ 32. Kh3 d4 33. exd4 c4 34. Rc3 Bxh2 35. Kxh2 Rf4 36. d5 Rxh4+ 37. Kg3 Rd4 38. Rb4 a5 39. Rb5 Rd3+ 40. Rxd3 cxd3 41. Kf3 Rc4 42. Ke3 d2 43. Kxd2 Rxa4 44. Ke3 Kd7 45. Rb6 Rg4 46. Kf3 a4 47. Rc6 g5 48. g3 Rd4 49. Ra6 Rd3+ 50. Kf2 a3 51. Kg2 g4 52. Kf2 Rd2+ 53. Ke3 Rg2 54. Kf4 a2 55. Kg5 Rxg3 56. Kxh5 Rg2 57. Kh4 Kc7 58. d6+ Kd7 59. Kh5 a1=R 60. Rxa1 Kxd6 61. Ra5 g3 62. Kh4 Rg1 63. Kh3 1/2-1/2

[Event "Blackpool Open"]
[Site "Blackpool"]
[Date "2025.02.07"]
[Round "1.11"]
[White "Bartlett, Joel"]
[Black "Wolstencroft, Darryl"]
[Result "1/2-1/2"]
[WhiteElo "1975"]
[BlackElo "2196"]
[PlyCount "74"]
[EventDate "2025.02.07"]
[EventRounds "5"]
[EventCountry "ENG"]
[SourceTitle "BritBase"]
[Source "John Saunders"]
[SourceDate "2025.02.25"]
[SourceVersion "1"]
[SourceVersionDate "2025.02.25"]
[SourceQuality "1"]

1. e4 e6 {7} 2. d4 {63} d5 {15} 3. Nd2 {6} Nf6 {14} 4. e5 {7} Nfd7 {3} 5. Bd3 {9} c5 {6} 6. c3 {5} Nc6 {3} 7. Ne2 {5} cxd4 {72} 8. cxd4 {2} f6 {26} 9. exf6 {11} Nxf6 {6} 10. Nf3 {9} Bd6 {19} 11. O-O {11} Qc7 {3} 12. g3 {28} O-O {96} 13. Bf4 {68} Ne4 {822} 14. Qc1 {1871} Bxf4 {817} 15. gxf4 {131} Qf7 {451} 16. Qe3 {149} b6 {10290} 17. a3 Bb7 18. Kh1 Rae8 19. Rac1 Qh5 20. Rg1 e5 21. dxe5 Nxe5 22. Bxe4 Ng4 23. Rxg4 Rxe4 24. Ng3 Qxg4 25. Nxe4 dxe4 26. Ne5 Qxf4 27. Rc7 Qxf2 28. Qb3+ Kh8 29. Ng6+ hxg6 30. Qh3+ Kg8 31. Qe6+ Rf7 32. Qe8+ Kh7 33. Qxf7 Qe1+ 34. Kg2 Qe2+ 35. Kg3 Qe3+ 36. Kg4 Qg1+ 37. Kf4 Qxh2+ 1/2-1/2

[Event "Blackpool Open"]
[Site "Blackpool"]
[Date "2025.02.07"]
[Round "1.12"]
[White "Merriman, James"]
[Black "Bakhtiyarov, Kamronbek"]
[Result "1-0"]
[WhiteElo "2073"]
[BlackElo "1657"]
[PlyCount "28"]
[EventDate "2025.02.07"]
[EventRounds "5"]
[EventCountry "ENG"]
[SourceTitle "BritBase"]
[Source "John Saunders"]
[SourceDate "2025.02.25"]
[SourceVersion "1"]
[SourceVersionDate "2025.02.25"]
[SourceQuality "1"]

1. d4 {3} d5 {10} 2. c4 {16} e6 {61} 3. Nc3 {5} a6 {7} 4. cxd5 {13} exd5 {10} 5. Nf3 {42} Nf6 {27} 6. Bg5 {23} Be7 {71} 7. Qc2 {45} c6 {411} 8. e3 {50} h6 {143} 9. Bh4 {135} Ne4 {377} 10. Nxe4 {210} Bxh4 {678} 11. Nxh4 {29} Qxh4 {603} 12. Nd6+ {35} Ke7 {331} 13. Qc5 {96} Ke6 {223} 14. g3 {390} Qh5 {754} 1-0

[Event "Blackpool Open"]
[Site "Blackpool"]
[Date "2025.02.08"]
[Round "2.1"]
[White "Mahadevan, Siva"]
[Black "Kee, Steve"]
[Result "1-0"]
[WhiteElo "2365"]
[BlackElo "1973"]
[PlyCount "63"]
[EventDate "2025.02.07"]
[EventRounds "5"]
[EventCountry "ENG"]
[SourceTitle "BritBase"]
[Source "John Saunders"]
[SourceDate "2025.02.25"]
[SourceVersion "1"]
[SourceVersionDate "2025.02.25"]
[SourceQuality "1"]

1. e4 {163} c5 {49} 2. Nf3 {9} d6 {10} 3. c3 {34} Nf6 {44} 4. h3 {7} g6 {68} 5. Bd3 {10} Bg7 {50} 6. Bc2 {43} Nc6 {101} 7. d4 {43} cxd4 {11} 8. cxd4 {2} O-O {74} 9. Nc3 {13} a6 {168} 10. O-O {38} b5 {49} 11. e5 {368} Ne8 {114} 12. Bf4 {55} dxe5 {140} 13. dxe5 {16} Nc7 {45} 14. Qc1 {252} Ne6 {179} 15. Rd1 {22} Qe8 {92} 16. Bh6 {795} Bb7 {231} 17. Bxg7 {33} Kxg7 {25} 18. Qe3 {27} Na5 {500} 19. b3 {331} Bxf3 {446} 20. Qxf3 {14} Rc8 {235} 21. Rac1 {74} Nc6 {240} 22. Qe3 {112} Nb4 {289} 23. Be4 {564} Nc6 {344} 24. f4 {191} f6 {827} 25. Bd5 {104} Nc7 {150} 26. exf6+ {29} Rxf6 {170} 27. Bf3 {316} Rd8 {530} 28. Ne4 {193} Rxd1+ {36} 29. Bxd1 {21} Re6 {88} 30. Bg4 {9} Nd5 {33} 31. Qd2 {24} Nf6 {199} 32. Bxe6 {12} 1-0

[Event "Blackpool Open"]
[Site "Blackpool"]
[Date "2025.02.08"]
[Round "2.2"]
[White "Arkell, Keith C"]
[Black "Surtees, Mike J"]
[Result "1-0"]
[WhiteElo "2329"]
[BlackElo "2083"]
[PlyCount "49"]
[EventDate "2025.02.07"]
[EventRounds "5"]
[EventCountry "ENG"]
[SourceTitle "BritBase"]
[Source "John Saunders"]
[SourceDate "2025.02.25"]
[SourceVersion "1"]
[SourceVersionDate "2025.02.25"]
[SourceQuality "1"]

1. d4 {407} g6 {12} 2. c4 {10} Bg7 {23} 3. Nc3 {4} d6 {38} 4. Nf3 {13} e6 {137} 5. e4 {113} b6 {126} 6. Be3 {82} Nd7 {258} 7. Qd2 {65} h6 {36} 8. Bd3 {28} Ne7 {175} 9. h4 {10} f5 {337} 10. exf5 {63} gxf5 {125} 11. g4 {516} fxg4 {526} 12. Rg1 {114} Nf6 {355} 13. h5 {576} Bb7 {400} 14. Nh4 {123} Qd7 {1023} 15. Ng6 {22} Nxg6 {103} 16. Bxg6+ {4} Ke7 {25} 17. d5 {146} Raf8 {189} 18. O-O-O {39} exd5 {196} 19. cxd5 {57} Kd8 {45} 20. Qc2 {250} Ng8 {144} 21. Bd4 {414} Ne7 {255} 22. Bxg7 {41} Nxg6 {29} 23. Qxg6 {47} Rhg8 {317} 24. Qxg4 {64} Qf7 {444} 25. Qh4+ {9} 1-0

[Event "Blackpool Open"]
[Site "Blackpool"]
[Date "2025.02.08"]
[Round "2.3"]
[White "Armstrong, Malcolm J"]
[Black "Sarakauskas, Gediminas"]
[Result "0-1"]
[WhiteElo "2002"]
[BlackElo "2323"]
[PlyCount "92"]
[EventDate "2025.02.07"]
[EventRounds "5"]
[EventCountry "ENG"]
[SourceTitle "BritBase"]
[Source "John Saunders"]
[SourceDate "2025.02.25"]
[SourceVersion "1"]
[SourceVersionDate "2025.02.25"]
[SourceQuality "1"]

1. Nf3 {4} g6 {155} 2. g3 {28} Bg7 {5} 3. Bg2 {11} e5 {26} 4. O-O {61} d5 {312} 5. d4 {163} e4 {235} 6. Ne1 {20} Ne7 {136} 7. c4 {218} dxc4 {426} 8. Qa4+ {171} Nbc6 {89} 9. e3 {234} f5 {308} 10. Qxc4 {48} Nd5 {247} 11. a3 {316} Be6 {59} 12. Qc2 {89} O-O {348} 13. Nd2 {359} Nce7 {588} 14. Nc4 {217} c5 {316} 15. dxc5 {263} Qc7 {36} 16. Nd6 {176} b6 {68} 17. f3 {330} exf3 {236} 18. Nxf3 {52} bxc5 {8} 19. Nc4 {64} Nb6 {169} 20. Nxb6 {197} Qxb6 {2} 21. e4 {362} Nc6 {269} 22. exf5 {498} Rxf5 {179} 23. Be3 {788} Bb3 {496} 24. Qc1 {137} Re8 {70} 25. Bf2 {70} Re2 {223} 26. Rb1 {202} Bc2 {759} 27. g4 {180} Rf8 {216} 28. b4 {371} Rxf2 {27} 29. Rxf2 {18} Bxb1 {4} 30. Qxb1 {364} cxb4 {4} 31. axb4 {25} Ne5 {136} 32. Qa2+ {38} Kh8 {7} 33. Nxe5 {87} Bxe5 {7} 34. Kf1 {23} Rc8 {74} 35. Rc2 {242} Rd8 {11} 36. Bf3 {61} Qxb4 {250} 37. Qc4 {33} Qd6 {32} 38. h3 {135} Bd4 {64} 39. Kg2 {32} Qa3 {81} 40. Qe2 {38} Qa1 {154} 41. Qf1 {4} Qa5 {4} 42. Qe2 {12} Qg5 {3} 43. Rd2 {23} Qf4 {2} 44. Qd3 {45} Rd6 {65} 45. Qe2 {53} Rf6 {61} 46. Rc2 {67} Be5 {4} 0-1

[Event "Blackpool Open"]
[Site "Blackpool"]
[Date "2025.02.08"]
[Round "2.4"]
[White "Okhai, Shabir"]
[Black "Crawford, Owen"]
[Result "1/2-1/2"]
[WhiteElo "2137"]
[BlackElo "2111"]
[PlyCount "50"]
[EventDate "2025.02.07"]
[EventRounds "5"]
[EventCountry "ENG"]
[SourceTitle "BritBase"]
[Source "John Saunders"]
[SourceDate "2025.02.25"]
[SourceVersion "1"]
[SourceVersionDate "2025.02.25"]
[SourceQuality "1"]

1. e4 {250} e5 {7} 2. Nf3 {4} Nc6 {5} 3. Bc4 {3} Nf6 {6} 4. d3 {4} Bc5 {6} 5. c3 {4} d6 {9} 6. O-O {7} O-O {6} 7. h3 {80} h6 {75} 8. Re1 {8} Bb6 {6} 9. Nbd2 {64} Ne7 {47} 10. Bb3 {110} c6 {18} 11. d4 {224} Ng6 {84} 12. a4 {665} a5 {146} 13. Bc2 {229} Re8 {1714} 14. Nc4 {99} Bc7 {17} 15. dxe5 {15} Nxe5 {92} 16. Nfxe5 {324} dxe5 {69} 17. Qf3 {123} Be6 {558} 18. Ne3 {234} Nh7 {291} 19. Nf5 {879} Qf6 {171} 20. Bd2 {391} Rad8 {270} 21. Rad1 {49} Kh8 {181} 22. Qe2 {257} Nf8 {567} 23. Qh5 {309} Nh7 {262} 24. Qe2 {132} Nf8 {9} 25. Qh5 {255} Nh7 {6} 1/2-1/2